<?xml version="1.0" encoding="UTF-8"?>
<record
    xmlns:xsi="http://www.w3.org/2001/XMLSchema-instance"
    xsi:schemaLocation="http://www.loc.gov/MARC21/slim http://www.loc.gov/standards/marcxml/schema/MARC21slim.xsd"
    xmlns="http://www.loc.gov/MARC21/slim">

  <leader>00951nam a22002417a 4500</leader>
  <datafield tag="999" ind1=" " ind2=" ">
    <subfield code="c">20698</subfield>
    <subfield code="d">20698</subfield>
  </datafield>
  <controlfield tag="005">20200121072524.0</controlfield>
  <controlfield tag="008">200121b        xxu||||| |||| 00| 0 spa d</controlfield>
  <datafield tag="022" ind1=" " ind2=" ">
    <subfield code="a">2344-8490</subfield>
  </datafield>
  <datafield tag="040" ind1=" " ind2=" ">
    <subfield code="a">CO-BoIAVH </subfield>
    <subfield code="c">CO-BoIAVH </subfield>
  </datafield>
  <datafield tag="041" ind1=" " ind2=" ">
    <subfield code="a">spa</subfield>
  </datafield>
  <datafield tag="041" ind1=" " ind2=" ">
    <subfield code="a">eng</subfield>
  </datafield>
  <datafield tag="044" ind1=" " ind2=" ">
    <subfield code="a">ck</subfield>
  </datafield>
  <datafield tag="082" ind1=" " ind2=" ">
    <subfield code="a">633.851</subfield>
    <subfield code="b">F29a2018</subfield>
  </datafield>
  <datafield tag="110" ind1=" " ind2=" ">
    <subfield code="a">Federaci&#xF3;n Nacional de Cultivadores de Palma de Aceite, Fedepalma (Colombia).</subfield>
  </datafield>
  <datafield tag="245" ind1=" " ind2=" ">
    <subfield code="a">Anuario estad&#xED;stico 2018</subfield>
    <subfield code="b">La agroindustria de la palma de aceite en Colombia y en el mundo 2013-2017</subfield>
  </datafield>
  <datafield tag="246" ind1=" " ind2=" ">
    <subfield code="a">Statistical Yearbook 2018</subfield>
    <subfield code="b">The Oil Palm Agroindustry in Colombia and the World 2013-2017</subfield>
  </datafield>
  <datafield tag="260" ind1=" " ind2=" ">
    <subfield code="a">Bogot&#xE1;,</subfield>
    <subfield code="b">Fedepalma y Fondo de Fomento Palmero,</subfield>
    <subfield code="c">2018</subfield>
  </datafield>
  <datafield tag="300" ind1=" " ind2=" ">
    <subfield code="a">192 p&#xE1;ginas,</subfield>
    <subfield code="b">Tablas, mapas, gr&#xE1;ficas y fotograf&#xED;as a color</subfield>
    <subfield code="c">28 x 21.5 cm</subfield>
  </datafield>
  <datafield tag="650" ind1=" " ind2="0">
    <subfield code="a">Anuario</subfield>
    <subfield code="x">Estad&#xED;stico</subfield>
  </datafield>
  <datafield tag="650" ind1=" " ind2="0">
    <subfield code="a">Palma de aceite</subfield>
    <subfield code="v">anuarios</subfield>
  </datafield>
  <datafield tag="650" ind1=" " ind2="0">
    <subfield code="a">Agroindustria</subfield>
    <subfield code="z">Colombia</subfield>
  </datafield>
  <datafield tag="942" ind1=" " ind2=" ">
    <subfield code="2">ddc</subfield>
    <subfield code="c">LIBRO</subfield>
  </datafield>
  <datafield tag="952" ind1=" " ind2=" ">
    <subfield code="0">0</subfield>
    <subfield code="1">0</subfield>
    <subfield code="2">ddc</subfield>
    <subfield code="4">0</subfield>
    <subfield code="7">0</subfield>
    <subfield code="8">GENERAL</subfield>
    <subfield code="a">Bogota</subfield>
    <subfield code="b">Bogota</subfield>
    <subfield code="d">2020-01-21</subfield>
    <subfield code="l">0</subfield>
    <subfield code="o">LB-633.851 F29a2018</subfield>
    <subfield code="p">043931</subfield>
    <subfield code="r">2020-01-21 00:00:00</subfield>
    <subfield code="t">Ej. 1</subfield>
    <subfield code="w">2020-01-21</subfield>
    <subfield code="x">Donacion</subfield>
    <subfield code="y">LIBRO</subfield>
  </datafield>
</record>
